La mort com a intercanvi simbáolic (Record no. 11101)

MARC details
000 -LEADER
campo de control de longitud fija 01088nam a22003135i 4500
001 - NÚMERO DE CONTROL
campo de control 11101
003 - IDENTIFICADOR DE NÚMERO DE CONTROL
campo de control ES-MaACL
005 - FECHA Y HORA DE LA ÚLTIMA TRANSACCIÓN
campo de control 20251219203812.0
007 - CAMPO FIJO DE DESCRIPCIÓN FÍSICA--INFORMACIÓN GENERAL
campo de control de longitud fija t|
008 - DATOS DE LONGITUD FIJA--INFORMACIÓN GENERAL
campo de control de longitud fija 940617s1993 sp ||||0| cat j
020 ## - NÚMERO INTERNACIONAL ESTÁNDAR DEL LIBRO
Número Internacional Estándar del Libro 84-7826-472-8
040 ## - FUENTE DE CATALOGACIÓN
Centro catalogador/agencia de origen M-BN
Lengua de catalogación spa
Centro/agencia transcriptor M-BN
080 ## - NÚMERO DE LA CLASIFICACIÓN DECIMAL UNIVERSAL
Número de la Clasificación Decimal Universal 849.9 Rosselló-Páorcel, B. 1.06
080 ## - NÚMERO DE LA CLASIFICACIÓN DECIMAL UNIVERSAL
Número de la Clasificación Decimal Universal 849.9 Espriu, Salvador 1.06
080 ## - NÚMERO DE LA CLASIFICACIÓN DECIMAL UNIVERSAL
Número de la Clasificación Decimal Universal 929 Rosselló-Páorcel, B
080 ## - NÚMERO DE LA CLASIFICACIÓN DECIMAL UNIVERSAL
Número de la Clasificación Decimal Universal 929 Espriu, Salvador
100 1# - ENTRADA PRINCIPAL--NOMBRE DE PERSONA
Nombre de persona Delor i Muns, Rosa M.
9 (RLIN) 43566
245 13 - MENCIÓN DEL TÍTULO
Título La mort com a intercanvi simbáolic
Resto del título : Bartomeu Rosselló-Porcel i Salvador Espriu, diáaleg intertextual (1934-1984) /
Mención de responsabilidad, etc. Rosa M. Delor i Muns.
250 ## - MENCION DE EDICION
Mención de edición 1ª ed.
260 ## - PUBLICACIÓN, DISTRIBUCIÓN, ETC.
Lugar de publicación, distribución, etc. Barcelona :
Nombre del editor, distribuidor, etc. Abadia de Montserrat,
Fecha de publicación, distribución, etc. 1993.
300 ## - DESCRIPCIÓN FÍSICA
Extensión 184 p ;
Dimensiones 19 cm.
490 1# - MENCIÓN DE SERIE
Mención de serie Biblioteca Serra d'or ;
Designación de volumen o secuencia 127
504 ## - NOTA DE BIBLIOGRAFÍA, ETC.
Nota de bibliografía, etc. Bibliografía.
600 17 - PUNTO DE ACCESO ADICIONAL DE MATERIA--NOMBRE DE PERSONA
Nombre de persona Rosselló-Porcel, Bartomeu,
Fechas asociadas al nombre 1913-1938
Fuente del encabezamiento o término
9 (RLIN) 132074
600 14 - PUNTO DE ACCESO ADICIONAL DE MATERIA--NOMBRE DE PERSONA
Nombre de persona Espriu, Salvador,
Fechas asociadas al nombre 1913-1985
9 (RLIN) 47947
830 0# - PUNTO DE ACCESO ADICIONAL DE SERIE-TÍTULO UNIFORME
Título uniforme Biblioteca Serra d'or ;
Designación de volumen o secuencia 127
9 (RLIN) 178942
852 ## - LOCALIZACIÓN
Ubicación ES-MaACL
Número de control de estantería L-18383
Sublocalización o colección R.123418
Holdings
Estatus retirado Estado de pérdida Estado de daño No para préstamo Biblioteca de origen Biblioteca actual Ubicación en estantería Fecha de adquisición Fuente de adquisición Total de préstamos Signatura topográfica completa Código de barras Visto por última vez Precio de reemplazo Tipo de ítem Koha
        Biblioteca del Ateneo de Madrid Biblioteca del Ateneo de Madrid Depósito 2 17/01/2008     L-18383 1011320 23/02/2023 23/02/2023 Libro impreso